000 00534nam a2200193Ia 4500
005 20250508164950.0
008 008 250505s9999 xx 000 0 eng d
037 _aTextual
040 _aFEDL
_beng
_cFEDL
041 _aeng
_2eng
084 _a001.42, BAS
_qFEDL
100 _aBasit Tehmina N
_9779606
245 0 _aConducting research in educational contexts
260 _aLondon, UK
_bContinuum
_c2010
300 _aix,238p.
365 _aGBP
_b19.99
942 _cTEXL
_h001.42, BAS
999 _c1392319
_d1392319